Design and implementation of UWB vivaldi antenna (Record no. 11254)

000 -LEADER
fixed length control field 00592 a2200181 4500
003 - CONTROL NUMBER IDENTIFIER
control field NUST
038 ## - RECORD CONTENT LICENSOR
Staff Name a
082 ## - DEWEY DECIMAL CLASSIFICATION NUMBER
Classification number BICSE-6
100 ## - MAIN ENTRY--PERSONAL NAME
Personal name Ameera Akhtar
9 (RLIN) 93286
245 ## - TITLE STATEMENT
Title Design and implementation of UWB vivaldi antenna
Statement of responsibility, etc. Ameera Akhtar
260 ## - PUBLICATION, DISTRIBUTION, ETC.
Place of publication, distribution, etc. Islamabad
Name of publisher, distributor, etc. NUST School of Electrical Engineering and Computer Science
Date of publication, distribution, etc. 2012
300 ## - PHYSICAL DESCRIPTION
Extent 52p.
Other physical details :ill.
Dimensions :27cm.+
Accompanying material CD-ROM
500 ## - GENERAL NOTE
General note Supervisors: Mr. Yasir Iqbal, Mr. Ahsan Azhar
563 ## - BINDING INFORMATION
Binding note a
700 ## - ADDED ENTRY--PERSONAL NAME
Personal name Sammar Askari
9 (RLIN) 93287
856 ## - ELECTRONIC LOCATION AND ACCESS
Uniform Resource Identifier <a href="http://10.250.8.41:8080/xmlui/handle/123456789/10280">http://10.250.8.41:8080/xmlui/handle/123456789/10280</a>
942 ## - ADDED ENTRY ELEMENTS (KOHA)
Koha item type Thesis
Call number prefix BICSE-6 AME
Source of classification or shelving scheme
Holdings
Withdrawn status Lost status Source of classification or shelving scheme Damaged status Not for loan Permanent Location Current Location Date acquired Full call number Barcode Date last seen Price effective from Koha item type
WITHDRAWN         Central Library (CL) Central Library (CL) 07/06/2022 BICSE-6 AME SEECSP01078 11/14/2012 11/14/2012 Project Report
© 2023 Central Library, National University of Sciences and Technology. All Rights Reserved.